[Event "Mondiale Lampo FIDE 2017"]
[Site "Riyadh"]
[Date "30.12.2017"]
[Round "16.8"]
[White "Savchenko, Boris"]
[Black "Svidler, Peter"]
[Result "1/2-1/2"]
[WhiteTitle "GM"]
[BlackTitle "GM"]
[WhiteElo "2566"]
[BlackElo "2765"]
[WhiteFideId "4147332"]
[BlackFideId "4102142"]
[EventDate "2017.12.29"]

1. e4 c5 2. Nf3 e6 3. c3 Nf6 4. e5 Nd5 5. d4 cxd4 6. cxd4 b6 7. Bc4 Bb7 8. Bxd5
Bxd5 9. Nc3 Bb7 10. Ng5 f6 11. Nge4 f5 12. Bg5 Qc8 13. Qh5+ g6 14. Nf6+ Kf7 15.
Qh3 Qc4 16. Rd1 Nc6 17. b3 Qxc3+ 18. Qxc3 Bb4 19. Qxb4 Nxb4 20. f3 h6 21. Bd2
Nd5 22. Nxd7 Rad8 23. Nf6 Nxf6 24. exf6 Kxf6 25. Bf4 Kf7 26. Rc1 Rc8 27. Kd2 g5
28. Bc7 h5 29. h3 Bd5 30. Be5 Rhg8 31. h4 gxh4 32. Rxc8 Rxc8 33. Rxh4 Kg6 34.
Rh3 Rg8 35. Ke3 a5 36. Bc7 a4 37. Rg3+ Kf7 38. Rxg8 Kxg8 39. bxa4 Bc6 40. Kf4
Bxa4 41. Bxb6 Bc2 42. Kg5 Kf7 43. Kxh5 Bd3 44. Kg5 Bb5 45. Kf4 Kf6 46. Bd8+ Kg6
47. Ke5 Bc4 48. a4 Kf7 49. a5 1/2-1/2

[Event "Mondiale Lampo FIDE 2017"]
[Site "Riyadh"]
[Date "30.12.2017"]
[Round "16.9"]
[White "Leko, Peter"]
[Black "Salem, A.R. Saleh"]
[Result "1/2-1/2"]
[WhiteTitle "GM"]
[BlackTitle "GM"]
[WhiteElo "2691"]
[BlackElo "2638"]
[WhiteFideId "703303"]
[BlackFideId "9301348"]
[EventDate "2017.12.29"]

1. e4 c5 2. Nf3 d6 3. d4 cxd4 4. Nxd4 Nf6 5. Nc3 a6 6. f3 e5 7. Nb3 Be6 8. Be3
h5 9. Qd2 Nbd7 10. Nd5 Nxd5 11. exd5 Bf5 12. Na5 Qc7 13. c4 Be7 14. Be2 Bh4+ 15.
g3 Bd8 16. b4 Qc8 17. Nb3 b6 18. Rc1 O-O 19. O-O Be7 20. Rfd1 Rd8 21. a4 a5 22.
bxa5 Nc5 23. Qa2 Nxb3 24. Qxb3 bxa5 25. Bd3 Bxd3 26. Qxd3 g6 27. Rb1 Qd7 28. Rb5
Rdc8 29. Rdb1 Bd8 30. Kg2 Kg7 31. R1b3 Be7 32. Qc3 Bd8 33. Qd3 Be7 34. Bf2 Bd8
35. Qc3 Qf5 36. Rb7 1/2-1/2

[Event "Mondiale Lampo FIDE 2017"]
[Site "Riyadh"]
[Date "30.12.2017"]
[Round "16.11"]
[White "Yu, Yangyi"]
[Black "Vidit, Santosh Gujrathi"]
[Result "1/2-1/2"]
[WhiteTitle "GM"]
[BlackTitle "GM"]
[WhiteElo "2751"]
[BlackElo "2715"]
[WhiteFideId "8603820"]
[BlackFideId "5029465"]
[EventDate "2017.12.29"]

1. d4 Nf6 2. c4 g6 3. g3 Bg7 4. Bg2 O-O 5. Nf3 c6 6. O-O d5 7. Qa4 Bg4 8. Nc3
Nbd7 9. cxd5 Nb6 10. Qb3 Nfxd5 11. e4 Nxc3 12. bxc3 c5 13. Be3 cxd4 14. cxd4
Bxf3 15. Bxf3 Bxd4 16. Rad1 e5 17. Bxd4 exd4 18. e5 Qe7 19. Rfe1 Rad8 20. e6 Kg7
21. a4 Rd6 22. a5 Rxe6 23. Rxe6 Qxe6 24. Qxe6 fxe6 25. Bxb7 Nc4 26. Rxd4 Nxa5
27. Be4 Rf7 28. Rd6 Re7 29. Bd3 Nb7 30. Rc6 Kf6 31. f4 Rd7 32. Bc4 Nd6 33. Ba2
e5 34. Kf2 exf4 35. gxf4 Ke7 36. Kf3 Nf5 37. Ra6 Rc7 38. Kg4 Kf8 39. Bb1 Ne3+
40. Kf3 Nc4 41. Kg4 Kg7 42. h4 Ne3+ 43. Kf3 Nd5 44. Kg4 Nf6+ 45. Kf3 Rb7 46. Bc2
Rc7 47. Bb1 Nd7 48. f5 gxf5 49. Bxf5 Nc5 50. Ra5 h6 51. Kg4 Kf6 52. Bb1 Ne6 53.
Ra6 Rb7 54. Ba2 Rb6 55. Rxa7 Kg6 56. Re7 h5+ 57. Kg3 Ng7 58. Kh3 Kf6 59. Rf7+
Kg6 60. Rf1 Rf6 61. Bb1+ Kf7 62. Ba2+ Kg6 63. Bb1+ Kf7 64. Rg1 Rf3+ 65. Rg3
Rxg3+ 66. Kxg3 Kf6 67. Bc2 Nf5+ 68. Kh3 Nxh4 69. Kxh4 Ke5 70. Kxh5 1/2-1/2

[Event "Mondiale Lampo FIDE 2017"]
[Site "Riyadh"]
[Date "30.12.2017"]
[Round "16.12"]
[White "Quparadze, Giga"]
[Black "Rapport, Richard"]
[Result "0-1"]
[WhiteTitle "GM"]
[BlackTitle "GM"]
[WhiteElo "2506"]
[BlackElo "2707"]
[WhiteFideId "13602250"]
[BlackFideId "738590"]
[EventDate "2017.12.29"]

1. e4 c5 2. Ne2 Nc6 3. d4 cxd4 4. Nxd4 e6 5. Nb5 d6 6. c4 a6 7. N5c3 g6 8. Bf4
Nf6 9. Be2 e5 10. Be3 Be6 11. Nd5 Bxd5 12. cxd5 Nd4 13. Bxd4 exd4 14. Qxd4 Bg7
15. Nc3 O-O 16. O-O Re8 17. Qd3 Qb6 18. Rab1 Rac8 19. a3 Nd7 20. Bg4 Ne5 21. Qd1
Rc4 22. Be2 Rd4 23. Qc2 Nd7 24. b4 Rc8 25. Qb3 Rd2 26. Na4 Qd4 27. Bg4 f5 28.
Bh3 Rcc2 29. Rbd1 Qxf2+ 30. Kh1 Rxd1 31. Rxd1 b5 32. exf5 gxf5 33. Qd3 Ne5 34.
Qxf5 bxa4 35. Qe6+ Kh8 36. Qxd6 Re2 37. Qc5 Re1+ 38. Rxe1 Qxe1+ 39. Qg1 Qxg1+
40. Kxg1 Bf8 41. Bc8 Bxb4 42. Bxa6 Bxa3 43. Kf2 Bc5+ 44. Ke2 a3 0-1

[Event "Mondiale Lampo FIDE 2017"]
[Site "Riyadh"]
[Date "30.12.2017"]
[Round "16.13"]
[White "Aronian, Levon"]
[Black "Laznicka, Viktor"]
[Result "1-0"]
[WhiteTitle "GM"]
[BlackTitle "GM"]
[WhiteElo "2805"]
[BlackElo "2647"]
[WhiteFideId "13300474"]
[BlackFideId "316385"]
[EventDate "2017.12.29"]

1. d4 d5 2. c4 c6 3. Nf3 Nf6 4. Nc3 a6 5. e3 b5 6. b3 Bg4 7. cxd5 cxd5 8. Bd3 e6
9. a4 b4 10. Ne2 Bxf3 11. gxf3 Be7 12. Bd2 O-O 13. Rc1 Qd7 14. Qc2 Bd6 15. e4
dxe4 16. fxe4 e5 17. f4 exf4 18. e5 f3 19. exf6 fxe2 20. Bxh7+ Kh8 21. fxg7+
Kxg7 22. Rg1+ Kh8 23. Bh6 f5 24. Bxf8 Bxf8 25. Qc8 Qe7 26. Qxf5 Qh4+ 27. Kxe2
Qxh2+ 28. Kf1 1-0

[Event "Mondiale Lampo FIDE 2017"]
[Site "Riyadh"]
[Date "30.12.2017"]
[Round "16.14"]
[White "Le, Quang Liem"]
[Black "Amonatov, Farrukh"]
[Result "1/2-1/2"]
[WhiteTitle "GM"]
[BlackTitle "GM"]
[WhiteElo "2737"]
[BlackElo "2636"]
[WhiteFideId "12401137"]
[BlackFideId "14700077"]
[EventDate "2017.12.29"]

1. d4 Nf6 2. Nf3 g6 3. Bf4 Bg7 4. e3 O-O 5. Be2 d6 6. h3 Nfd7 7. O-O e5 8. Bg3
Nc6 9. c4 h6 10. Nc3 f5 11. c5 exd4 12. exd4 dxc5 13. Bc4+ Kh7 14. dxc5 f4 15.
Bh4 Nf6 16. Bxf6 Qxf6 17. Re1 Bf5 18. Qa4 Rad8 19. Rad1 Nd4 20. Nxd4 Rxd4 21.
Rxd4 Qxd4 22. c6 bxc6 23. Qxc6 f3 24. g3 Bxh3 25. Re7 Qd6 26. Qxd6 cxd6 27. Nd5
h5 28. Nf4 Bf5 29. Be6 Kh6 30. Bxf5 Rxf5 31. Rxa7 Bxb2 32. Rd7 Be5 33. Nd3 Rf8
34. Nxe5 dxe5 35. Re7 Ra8 36. Rxe5 Rxa2 37. Re3 1/2-1/2

[Event "Mondiale Lampo FIDE 2017"]
[Site "Riyadh"]
[Date "30.12.2017"]
[Round "16.15"]
[White "Harikrishna, Pentala"]
[Black "Bortnyk, Olexandr"]
[Result "0-1"]
[WhiteTitle "GM"]
[BlackTitle "GM"]
[WhiteElo "2744"]
[BlackElo "2610"]
[WhiteFideId "5007003"]
[BlackFideId "14120828"]
[EventDate "2017.12.29"]

1. e4 Nf6 2. e5 Nd5 3. d4 d6 4. c4 Nb6 5. exd6 exd6 6. Nc3 Be7 7. h3 Nc6 8. Nf3
Bf5 9. Be3 O-O 10. g4 Bg6 11. h4 h6 12. h5 Bh7 13. Rg1 d5 14. g5 hxg5 15. Nxg5
Bxg5 16. Rxg5 Nb4 17. h6 Bg6 18. hxg7 Re8 19. Rxg6 fxg6 20. a3 Qh4 21. Kd2 Nc6
22. cxd5 Nxd4 23. Kc1 Nf5 24. Bd2 Qxf2 25. Bb5 Re5 26. Qh1 Qh4 27. Qxh4 Nxh4 28.
Kc2 Kxg7 29. Bf4 Rf5 30. Bg3 Nf3 31. Bd3 Nd4+ 32. Kb1 Rh5 33. Ka2 Nxd5 34. Ne4
Re8 35. Bf2 Nc6 36. Rg1 Rf5 37. Bh4 Ncb4+ 38. axb4 Nxb4+ 39. Kb3 Nxd3 40. Nc3
Nc5+ 41. Kc2 Ne4 42. Re1 Nd6 43. Ra1 a6 44. Rg1 b5 45. Bg3 Re6 46. Rd1 Ne4 47.
Bxc7 Nxc3 48. bxc3 g5 49. Kb3 g4 50. Kb4 Kg6 51. Ka5 Rf3 52. Rc1 g3 53. Rg1 Ree3
54. Kxa6 Rxc3 55. Be5 Rb3 56. Ka5 Kf5 57. Bc7 0-1

[Event "Mondiale Lampo FIDE 2017"]
[Site "Riyadh"]
[Date "30.12.2017"]
[Round "16.16"]
[White "Andriasian, Zaven"]
[Black "Socko, Bartosz"]
[Result "0-1"]
[WhiteTitle "GM"]
[BlackTitle "GM"]
[WhiteElo "2585"]
[BlackElo "2593"]
[WhiteFideId "13302000"]
[BlackFideId "1107038"]
[EventDate "2017.12.29"]

1. e4 e6 2. d3 d5 3. Nd2 c5 4. Ngf3 Nc6 5. g3 Bd6 6. Bg2 Nf6 7. O-O O-O 8. Re1
Bc7 9. Qe2 b5 10. Nf1 b4 11. e5 Nd7 12. Bf4 a5 13. h4 Ba6 14. c3 a4 15. a3 bxc3
16. bxc3 Rb8 17. h5 Rb3 18. h6 g6 19. Qd2 Ba5 20. Rec1 d4 21. Bg5 Qc7 22. Qf4
Ncxe5 23. Nxd4 cxd4 24. cxd4 Bc3 25. dxe5 Qxe5 26. Ra2 f6 27. Qxe5 Nxe5 28. Bd2
Bxd2 29. Nxd2 Rxd3 30. Ne4 Ng4 31. Bf1 Rd4 32. Bxa6 Rxe4 33. f3 Re3 34. fxg4
Rxg3+ 35. Rg2 Rxa3 36. Rc7 Rf7 37. Rc8+ Rf8 38. Rc6 Re3 39. Bc4 Re8 40. Ra2 a3
41. Kf2 Rh3 42. Bxe6+ Rxe6 43. Rxe6 Rh2+ 44. Kg3 Rxa2 45. Rxf6 Rb2 46. Ra6 a2
47. Ra7 g5 48. Kf3 Kf8 49. Ke4 Rf2 50. Ke5 Ke8 51. Kd6 Rf6+ 52. Ke5 Rf2 53. Kd6
Rh2 54. Ke5 Rf2 55. Kd6 Re2 56. Kd5 Kd8 57. Kd4 Kc8 58. Kd3 Kb8 59. Ra5 Rg2 60.
Ke3 Kb7 61. Kf3 Rh2 62. Ke4 Kb6 63. Ra8 Rf2 64. Ke3 Rg2 65. Kf3 Rh2 66. Ke4 Rf2
67. Ke3 Rc2 68. Ke4 Rd2 69. Ke3 Rb2 70. Ke4 Rc2 71. Kd3 Rf2 72. Ke3 Rb2 73. Ke4
Rc2 74. Kd3 Rg2 75. Ke3 Kb5 76. Kf3 Rc2 77. Ke3 Kb4 78. Kd3 Rc3+ 79. Kd4 Ra3 80.
Rb8+ Ka4 81. Ra8+ Kb3 82. Rb8+ Kc2 83. Rc8+ Kd2 0-1

[Event "Mondiale Lampo FIDE 2017"]
[Site "Riyadh"]
[Date "30.12.2017"]
[Round "16.17"]
[White "Khismatullin, Denis"]
[Black "Melkumyan, Hrant"]
[Result "1/2-1/2"]
[WhiteTitle "GM"]
[BlackTitle "GM"]
[WhiteElo "2632"]
[BlackElo "2633"]
[WhiteFideId "4142578"]
[BlackFideId "13302485"]
[EventDate "2017.12.29"]

1. c4 Nf6 2. Nf3 g6 3. Nc3 Bg7 4. e4 d6 5. d4 O-O 6. Be2 c5 7. O-O Re8 8. Be3
Ng4 9. Bg5 h6 10. Bc1 cxd4 11. Nxd4 Nf6 12. Be3 Nc6 13. Nc2 Qa5 14. Qd2 h5 15.
Rab1 Be6 16. f3 Rec8 17. Rfc1 Nd7 18. b4 Qd8 19. Nd5 a5 20. a3 axb4 21. axb4 Ra2
22. Qd1 Rca8 23. Bf1 f5 24. exf5 Bxf5 25. Bd3 Bxd3 26. Qxd3 Nce5 27. Qe4 e6 28.
Nf4 Nf6 29. Qxb7 Qe8 30. Nd4 R2a7 31. Qb5 Qf7 32. Ndxe6 Rb7 33. Bb6 Nfd7 34. c5
dxc5 35. bxc5 Rab8 36. Qe2 Nxb6 37. cxb6 Qf6 38. Nxg7 Kxg7 39. Nd5 Qd6 40. Qe4
Nf7 41. Re1 Rd7 42. Rbd1 Qc5+ 43. Kh1 Rbd8 44. Ne3 Rxd1 45. Nxd1 Qxb6 46. h4 Qf6
47. g3 Rd2 48. Ne3 Qb2 49. Nf1 Rf2 50. Rd1 Rc2 51. Qd4+ Qxd4 52. Rxd4 Ne5 53.
Nd2 Rc1+ 54. Kg2 Rd1 55. Kf2 Kf7 56. Ke2 Rg1 57. Ne4 Ra1 58. Rd5 Ra2+ 59. Nd2
Nc4 60. Rd4 Nxd2 61. Rxd2 Ra3 62. Rd3 Ra4 63. Ke3 Kf6 64. Rd6+ Kf7 65. Rd4 Ra3+
66. Ke4 Ke6 67. Rb4 Ra6 68. Kf4 Kf6 69. Re4 Rb6 70. Rd4 Ra6 71. Ke4 Re6+ 72. Kf4
Ra6 73. g4 hxg4 74. fxg4 g5+ 1/2-1/2

[Event "Mondiale Lampo FIDE 2017"]
[Site "Riyadh"]
[Date "30.12.2017"]
[Round "16.18"]
[White "Mamedov, Rauf"]
[Black "Vallejo Pons, Francisco"]
[Result "1-0"]
[WhiteTitle "GM"]
[BlackTitle "GM"]
[WhiteElo "2709"]
[BlackElo "2707"]
[WhiteFideId "13401653"]
[BlackFideId "2205530"]
[EventDate "2017.12.29"]

1. e4 e5 2. Nc3 Nf6 3. g3 d5 4. exd5 Nxd5 5. Bg2 Nxc3 6. bxc3 Nc6 7. Nf3 Bd6 8.
O-O O-O 9. Re1 Re8 10. d3 Bg4 11. h3 Bh5 12. Rb1 Rb8 13. g4 Bg6 14. Ng5 h6 15.
Ne4 Qd7 16. Qf3 f5 17. gxf5 Bxf5 18. Qg3 Kh8 19. Qh4 Rf8 20. Ng3 Bh7 21. Qa4 Bc5
22. Be3 Bb6 23. Qg4 Qf7 24. Be4 Bxe3 25. fxe3 Qf2+ 26. Kh1 Bxe4+ 27. Nxe4 Qxc2
28. Rg1 Rf7 29. Rbf1 Re7 30. Qh4 Qxd3 31. Rf6 Qd5 32. Rxh6+ gxh6 33. Qxh6+ 1-0

[Event "Mondiale Lampo FIDE 2017"]
[Site "Riyadh"]
[Date "30.12.2017"]
[Round "16.19"]
[White "Safarli, Eltaj"]
[Black "Sjugirov, Sanan"]
[Result "1-0"]
[WhiteTitle "GM"]
[BlackTitle "GM"]
[WhiteElo "2639"]
[BlackElo "2650"]
[WhiteFideId "13402129"]
[BlackFideId "4189302"]
[EventDate "2017.12.29"]

1. e4 e5 2. Nf3 Nc6 3. Nc3 Nf6 4. a3 d6 5. d4 exd4 6. Nxd4 g6 7. Bb5 Bd7 8. O-O
Bg7 9. Bxc6 bxc6 10. Bg5 O-O 11. Qd2 Re8 12. Rae1 Qb8 13. b3 Qb7 14. f3 c5 15.
Nde2 Bc6 16. Ng3 Nd7 17. Bh6 Bd4+ 18. Kh1 Qa6 19. Nce2 Bf6 20. a4 c4 21. Nd4
cxb3 22. cxb3 Ne5 23. Rc1 Bd7 24. Rxc7 Rac8 25. Rxc8 Rxc8 26. Rd1 Qb7 27. Bg5
Bg7 28. Bh6 Bf6 29. h3 Qc7 30. Nge2 Qd8 31. Nf4 Bh8 32. Nd5 Be6 33. Bg5 Qd7 34.
Nf6+ Bxf6 35. Bxf6 Qe8 36. Qh6 Qf8 37. Qxf8+ Kxf8 38. Nxe6+ fxe6 39. Rxd6 Nc6
40. Rxe6 Na5 41. Re7 Rc6 42. e5 Nxb3 43. Rxa7 Nd2 44. Kg1 Rc2 45. e6 1-0

[Event "Mondiale Lampo FIDE 2017"]
[Site "Riyadh"]
[Date "30.12.2017"]
[Round "16.20"]
[White "Akobian, Varuzhan"]
[Black "Kravtsiv, Martyn"]
[Result "0-1"]
[WhiteTitle "GM"]
[BlackTitle "GM"]
[WhiteElo "2647"]
[BlackElo "2672"]
[WhiteFideId "13300580"]
[BlackFideId "14113147"]
[EventDate "2017.12.29"]

1. d4 Nf6 2. c4 e6 3. Nf3 d5 4. Nc3 Be7 5. Bf4 O-O 6. e3 Nbd7 7. c5 Nh5 8. Bd3
c6 9. O-O Nxf4 10. exf4 b6 11. b4 a5 12. a3 Qc7 13. g3 Ba6 14. Rb1 axb4 15. axb4
Bf6 16. Bxa6 Rxa6 17. Qc2 Rfa8 18. Kg2 g6 19. Rfc1 b5 20. Ne2 Ra3 21. Rb3 Qa7
22. Rcb1 Rxb3 23. Qxb3 Qa2 24. Kf1 Qxb3 25. Rxb3 Ra1+ 26. Kg2 Nb8 27. Ne5 Bxe5
28. dxe5 Kf8 29. Kf3 Ke7 30. Nd4 Kd7 31. Ke3 Ra2 32. h3 Na6 33. g4 Ra1 34. Nc2
Ra2 35. Nd4 Kc7 36. f5 gxf5 37. gxf5 exf5 38. Nxf5 Ra4 39. Nd6 Nxb4 40. Nxf7 Kd7
41. Nd6 Nc2+ 42. Kd2 Nd4 43. Rg3 Ne6 44. Rg8 Ra2+ 45. Ke3 Ra3+ 46. Kd2 Rxh3 47.
Ra8 Nxc5 48. f4 Nb3+ 49. Ke1 Nd4 50. Rf8 c5 51. Rf7+ Kc6 52. Ne8 b4 53. Rc7+ Kb6
54. Rd7 b3 55. Rd8 Nc6 56. Rxd5 b2 57. e6 0-1

[Event "Mondiale Lampo FIDE 2017"]
[Site "Riyadh"]
[Date "30.12.2017"]
[Round "16.21"]
[White "Kryvoruchko, Yuriy"]
[Black "Bu, Xiangzhi"]
[Result "1/2-1/2"]
[WhiteTitle "GM"]
[BlackTitle "GM"]
[WhiteElo "2689"]
[BlackElo "2730"]
[WhiteFideId "14109182"]
[BlackFideId "8601445"]
[EventDate "2017.12.29"]

1. e4 e5 2. Nf3 Nc6 3. Bc4 Bc5 4. O-O Nf6 5. d3 d6 6. c3 a6 7. a4 O-O 8. h3 Ba7
9. Re1 h6 10. b4 Be6 11. Bxe6 fxe6 12. Nbd2 Nh5 13. Ra2 Qf6 14. Nc4 Nf4 15. Kh2
Qg6 16. g3 Nh5 17. Be3 b5 18. Ncd2 Bxe3 19. Rxe3 Nf6 20. Qb3 Nd7 21. Kg2 Kh7 22.
Re1 Nb6 23. axb5 axb5 24. Rea1 Rxa2 25. Rxa2 d5 26. Ra6 Rd8 27. Qb1 Kh8 28. Qe1
Qf6 29. Nh2 d4 30. Ndf3 Rf8 31. cxd4 exd4 32. Qc1 Nxb4 33. Qxc7 Nxa6 34. Qxb6 e5
35. Qxb5 Nc7 36. Qxe5 Qxe5 37. Nxe5 Ra8 38. Nhf3 Ne6 39. h4 Kg8 40. h5 Kf8 41.
Kh3 Ra2 42. Kg2 Ke8 43. Nc6 Ra4 44. Nfe5 Nc5 45. f4 Ra3 46. Nxd4 Nxd3 47. Nxd3
Rxd3 48. Nf5 Kf7 49. Kh3 Rd1 50. Kg4 Rh1 51. e5 Re1 52. Nh4 Ke6 53. Nf5 Kf7 54.
Kf3 Rf1+ 55. Ke4 Re1+ 56. Ne3 g6 57. hxg6+ Kxg6 58. f5+ Kf7 59. Kf4 h5 60. e6+
Ke7 61. Nd5+ Kd6 62. Nf6 Rh1 63. Ne4+ Ke7 64. Ke5 h4 65. f6+ Kd8 66. e7+ Kd7 67.
gxh4 Rxh4 68. Nd6 Rh5+ 69. Kf4 Rh8 70. Nf7 Re8 71. Ne5+ Ke6 72. Kg5 Rxe7 73.
fxe7 Kxe7 1/2-1/2

[Event "Mondiale Lampo FIDE 2017"]
[Site "Riyadh"]
[Date "30.12.2017"]
[Round "16.22"]
[White "Onischuk, Vladimir"]
[Black "Pantsulaia, Levan"]
[Result "1-0"]
[WhiteTitle "GM"]
[BlackTitle "GM"]
[WhiteElo "2637"]
[BlackElo "2612"]
[WhiteFideId "14114038"]
[BlackFideId "13602071"]
[EventDate "2017.12.29"]

1. e4 c6 2. d4 d5 3. Nc3 a6 4. h3 dxe4 5. Nxe4 Bf5 6. Ng3 Bg6 7. c3 e6 8. N1e2
Nf6 9. Nf4 Bd6 10. h4 Qc7 11. Qf3 Nbd7 12. h5 Bc2 13. h6 g6 14. Bd3 Bxd3 15.
Nxd3 O-O 16. O-O Rfe8 17. Re1 Rad8 18. Ne5 Be7 19. Ne4 Rf8 20. Bg5 Nxe4 21. Bxe7
Nxe5 22. Qxe4 Qxe7 23. Qxe5 f6 24. Qxe6+ Qxe6 25. Rxe6 Rde8 26. Rae1 Rxe6 27.
Rxe6 Kf7 28. Re3 Rd8 29. f4 g5 30. f5 g4 31. Re4 Rg8 32. Kf2 g3+ 33. Kf3 Rg5 34.
Rg4 Rxf5+ 35. Kxg3 Rb5 36. Rg7+ Ke6 37. Rxh7 Rxb2 38. Re7+ Kxe7 39. h7 Rxa2 40.
h8=Q Ra3 41. Qg7+ Ke6 42. Qg4+ Kd5 43. Qf5+ Kc4 44. Qc5+ Kb3 45. Kf4 a5 46. c4
Ra4 47. Qb6+ Kxc4 48. Qxb7 Kxd4 49. Qxc6 Rc4 50. Qxf6+ Kd3+ 51. Kf3 a4 52. g4
Kc2 53. Qa1 Rc3+ 54. Kf4 a3 55. Qa2+ Kd3 56. g5 Rc4+ 57. Kg3 Ra4 58. g6 Ra7 59.
Kg4 Kc3 60. Kg5 Kb4 61. Kh6 Ra6 62. Kh7 1-0

[Event "Mondiale Lampo FIDE 2017"]
[Site "Riyadh"]
[Date "30.12.2017"]
[Round "16.23"]
[White "Adly, Ahmed"]
[Black "Fressinet, Laurent"]
[Result "1-0"]
[WhiteTitle "GM"]
[BlackTitle "GM"]
[WhiteElo "2637"]
[BlackElo "2662"]
[WhiteFideId "10601619"]
[BlackFideId "608742"]
[EventDate "2017.12.29"]

1. Nf3 d5 2. g3 g6 3. Bg2 Bg7 4. c4 c6 5. O-O Nf6 6. d4 O-O 7. cxd5 cxd5 8. Ne5
e6 9. Nc3 Bd7 10. Bf4 Nc6 11. Nxc6 Bxc6 12. Rc1 Qb6 13. Qd2 Rac8 14. Bd6 Rfd8
15. Bc5 Qa6 16. Rfe1 Ne4 17. Bxe4 dxe4 18. Qf4 Rd7 19. Nxe4 Bxe4 20. Qxe4 b6 21.
Ba3 Rxd4 22. Qf3 Rdc4 23. Rcd1 R4c7 24. h4 Qb7 25. Qd3 h5 26. e4 b5 27. b3 Rc2
28. Re2 Qc6 29. Bb4 Rxe2 30. Qxe2 Bf8 31. Bd2 Qb7 32. Bg5 Bg7 33. Rd6 a5 34. Qd3
a4 35. Rd7 Qc6 36. Kh2 Bf8 37. Bf6 Qc2 38. Qf3 Qc6 39. Ra7 Rc7 40. Be5 Rxa7 41.
Qf6 1-0

[Event "Mondiale Lampo FIDE 2017"]
[Site "Riyadh"]
[Date "30.12.2017"]
[Round "16.24"]
[White "Inarkiev, Ernesto"]
[Black "Li, Chao b"]
[Result "0-1"]
[WhiteTitle "GM"]
[BlackTitle "GM"]
[WhiteElo "2689"]
[BlackElo "2732"]
[WhiteFideId "4162722"]
[BlackFideId "8604436"]
[EventDate "2017.12.29"]

1. Nf3 Nf6 2. c4 g6 3. b3 Bg7 4. Bb2 c5 5. g3 d6 6. Bg2 e5 7. O-O O-O 8. e3 Nc6
9. d4 cxd4 10. exd4 Bg4 11. h3 Bxf3 12. Bxf3 exd4 13. Bxc6 bxc6 14. Bxd4 c5 15.
Bb2 Qd7 16. Kh2 Ng4+ 17. hxg4 Bxb2 18. Nd2 Bxa1 19. Qxa1 Qxg4 20. f3 Qh5+ 21.
Kg2 Rae8 22. Ne4 Rxe4 23. fxe4 Qe2+ 24. Kh3 Qxe4 25. Rf6 Re8 26. Qf1 Re5 27. g4
h5 28. Rf4 hxg4+ 29. Kxg4 Qe3 30. Qg2 Kg7 31. Qh1 0-1

[Event "Mondiale Lampo FIDE 2017"]
[Site "Riyadh"]
[Date "30.12.2017"]
[Round "16.25"]
[White "Ivanchuk, Vassily"]
[Black "Bacrot, Etienne"]
[Result "0-1"]
[WhiteTitle "GM"]
[BlackTitle "GM"]
[WhiteElo "2726"]
[BlackElo "2725"]
[WhiteFideId "14100010"]
[BlackFideId "605506"]
[EventDate "2017.12.29"]

1. d4 d5 2. c4 e6 3. Nc3 Be7 4. cxd5 exd5 5. Bf4 c6 6. e3 Bf5 7. Nge2 Nd7 8. Ng3
Bg6 9. Nh5 Bxh5 10. Qxh5 Ngf6 11. Qd1 Nf8 12. Bd3 Bd6 13. Bg5 Ne6 14. Bh4 g5 15.
Bg3 h5 16. Qc2 h4 17. Bxd6 Qxd6 18. Rb1 g4 19. b4 a6 20. h3 gxh3 21. Rxh3 Ng5
22. Rh1 h3 23. f4 Ne6 24. gxh3 O-O-O 25. b5 axb5 26. Nxb5 Qb8 27. Bf5 Rde8 28.
Kd1 Kd8 29. Nc3 Nh5 30. Rg1 Rhg8 31. Rxg8 Rxg8 32. Qf2 Ke7 33. Kc2 Qa7 34. a4
Nhxf4 35. exf4 Nxd4+ 36. Kd1 Kf6 37. Bd3 Qc5 38. Rxb7 Rh8 39. Ne2 Rxh3 40. Bb1
Rh1+ 41. Ng1 Ne6 42. Qxc5 Nxc5 43. Rc7 Rxg1+ 44. Kc2 Ne6 45. Rxc6 Kf5 46. Kb2+
Kxf4 47. a5 Rg2+ 48. Ka3 Nd4 49. Rc8 Rg1 50. Ba2 Ke5 51. a6 Rg6 52. Re8+ Re6 53.
Rxe6+ fxe6 54. Kb4 Kd6 55. Bb1 Kc6 56. Bd3 Kb6 57. Kc3 Nc6 58. Bf1 e5 59. Bg2
Kc5 60. Kd3 Nb4+ 0-1

[Event "Mondiale Lampo FIDE 2017"]
[Site "Riyadh"]
[Date "30.12.2017"]
[Round "16.27"]
[White "Wang, Yue"]
[Black "Nguyen, Ngoc Truong Son"]
[Result "1/2-1/2"]
[WhiteTitle "GM"]
[BlackTitle "GM"]
[WhiteElo "2690"]
[BlackElo "2630"]
[WhiteFideId "8601429"]
[BlackFideId "12401110"]
[EventDate "2017.12.29"]

1. d4 d5 2. c4 dxc4 3. e3 Nf6 4. Bxc4 e6 5. Nf3 c5 6. O-O a6 7. Nc3 b5 8. Be2
Bb7 9. dxc5 Qxd1 10. Rxd1 Bxc5 11. Nd2 Bb4 12. a4 bxa4 13. Nxa4 Nbd7 14. Nc4 O-O
15. f3 Nc5 16. Nxc5 Bxc5 17. Na5 Bd5 18. Kf1 Rad8 19. e4 Ba8 20. Bf4 Bd4 21.
Rab1 e5 22. Bg5 Rb8 23. b4 Bc3 24. Bd2 Bxd2 25. Rxd2 Rb6 26. Nc4 Re6 27. Rbd1
Bc6 28. Rd6 Rfe8 29. Nxe5 Rxd6 30. Rxd6 Bxe4 31. fxe4 Rxe5 32. Rd8+ Ne8 33. Bxa6
Kf8 34. b5 Ke7 35. Ra8 Nc7 36. Ra7 Kd6 37. b6 Nxa6 38. Rxa6 Rxe4 39. Ra7 Rf4+
40. Ke2 Kc6 41. b7 Kc7 42. Ke3 Rf6 43. Ke4 Kb8 44. Ra8+ Kxb7 45. Rh8 h6 46. Rg8
g6 47. g4 g5 48. h3 Kc7 49. Ke5 Rf3 50. Rh8 Rxh3 51. Rh7 Rf3 52. Rxh6 Kd7 53.
Rf6 Re3+ 54. Kd4 Rg3 55. Rxf7+ Ke6 56. Ra7 Rxg4+ 57. Ke3 Rf4 58. Ra5 Kf6 59. Ra1
Kf5 60. Rg1 g4 61. Ke2 Rf3 62. Rf1 Ke5 1/2-1/2

[Event "Mondiale Lampo FIDE 2017"]
[Site "Riyadh"]
[Date "30.12.2017"]
[Round "16.29"]
[White "Saric, Ivan"]
[Black "Mchedlishvili, Mikheil"]
[Result "1-0"]
[WhiteTitle "GM"]
[BlackTitle "GM"]
[WhiteElo "2669"]
[BlackElo "2603"]
[WhiteFideId "14508150"]
[BlackFideId "13600966"]
[EventDate "2017.12.29"]

1. e4 d6 2. d4 Nf6 3. Nc3 g6 4. Be3 c6 5. h3 Bg7 6. Qd2 O-O 7. Nf3 Nbd7 8. e5
dxe5 9. dxe5 Nd5 10. Nxd5 cxd5 11. Bh6 Nxe5 12. Nxe5 Bxe5 13. Bxf8 Kxf8 14. c3
Be6 15. Be2 Qb6 16. Bg4 f5 17. Bf3 Rd8 18. O-O Bf7 19. Rfe1 Bf6 20. Rad1 e5 21.
Be2 Kg7 22. Bf1 e4 23. Qc2 h5 24. Qb3 Qc7 25. Qa4 b6 26. Bb5 h4 27. Re2 Qc5 28.
Red2 e3 29. fxe3 Qxe3+ 30. Kf1 Qg3 31. Qxa7 Bg5 32. Qxb6 Qh2 33. Qd4+ Kh6 34.
Qg1 Qf4+ 35. Qf2 Qh2 36. Rd4 Kg7 1-0

[Event "Mondiale Lampo FIDE 2017"]
[Site "Riyadh"]
[Date "30.12.2017"]
[Round "16.30"]
[White "Bocharov, Dmitry"]
[Black "Van Foreest, Jorden"]
[Result "1/2-1/2"]
[WhiteTitle "GM"]
[BlackTitle "GM"]
[WhiteElo "2583"]
[BlackElo "2629"]
[WhiteFideId "4138716"]
[BlackFideId "1039784"]
[EventDate "2017.12.29"]

1. c4 c6 2. Nf3 d5 3. e3 Nf6 4. Nc3 g6 5. d4 Bg7 6. Be2 O-O 7. O-O e6 8. b3 b6
9. a4 a5 10. Ba3 Re8 11. Rc1 Bb7 12. Ne5 Nbd7 13. Nd3 Rc8 14. Qc2 Bf8 15. Bxf8
Nxf8 16. Qb2 N8d7 17. Rfd1 Qe7 18. h3 h5 19. Bf1 Ba8 20. Rc2 Ne4 21. Rdc1 Nxc3
22. Rxc3 Nf6 23. c5 Rb8 24. cxb6 Rxb6 25. Nc5 e5 26. Qd2 Rb4 27. dxe5 Qxe5 28.
Nd3 Ne4 29. Qe1 Qf6 30. Nxb4 Nxc3 31. Nxc6 Na2 32. Rc2 Bxc6 33. Rxa2 d4 34. Re2
dxe3 35. Rxe3 Rxe3 36. Qxe3 Qa1 37. Qd3 h4 38. Qd8+ Kg7 39. Qxh4 Bd5 40. Qg3 Be6
41. Qd3 Bf5 42. Qb5 Be6 43. h4 Kh7 44. h5 gxh5 45. Qxh5+ Kg7 46. Qg5+ Kh7 47.
Qxa5 Bxb3 48. Qh5+ Kg7 49. Qg4+ Kf8 50. Qb4+ 1/2-1/2